000 00302nam a22001337a 4500
008 171106b xxu||||| |||| 00| 0 eng d
020 _a9780324058789
041 _aeng
080 _28TH
_a330.722.6
100 _a61
101 _aKON
245 _aADVANCED ACCOUNTING
_cFISCHER,P.M
942 _2udc
_cBK
999 _c37891
_d37891